| 000 | 00910nam a22002537a 4500 | ||
|---|---|---|---|
| 999 |
_c7716 _d7716 |
||
| 001 | 991010927339706706 | ||
| 003 | OSt | ||
| 005 | 20230419114459.0 | ||
| 008 | 941216s1965 spc|||||| |00| ||spa|c | ||
| 035 | _a(ES-BaCBU).b12620488 | ||
| 035 | _a(OCoLC)803392345 | ||
| 040 |
_aES-BaCBU _bcat _cCDMR |
||
| 100 | 1 |
_aMaduell, Àlvar _9213 |
|
| 245 | 1 | 3 |
_aLa Orientación estatal de la prensa en el pensamiento de Gabriel Arias-Salgado / _cAlvar Maduell |
| 260 |
_aBarcelona : _b[s.n.], _c1965 _e(Tarrasa : _fGráficas Palomé) |
||
| 300 |
_a28 f. ; _c24 cm |
||
| 504 | _aInclou referències bibliogràfiques | ||
| 600 | 1 | 7 |
_aArias-Salgado, Gabriel, _d1904-1962. _2lemac |
| 650 | 0 | 7 |
_aGovern i premsa _2lemac |
| 773 | 1 |
_tEstudios franciscanos _g66 (1965), p. [197]-250 |
|
| 907 |
_a.b12620488 _b30-04-21 _c07-05-08 _d16-12-94 _em _fa _g- _hspa _ispc _j3 _k2 |
||
| 908 |
_aBC _aUAB _aBPEB _aBMON _aGEPA |
||
| 942 |
_2udc _cFULLET |
||